Normal view
MARC view
Entry Personal Name
001 - CONTROL NUMBER
- control field: 3145
003 - CONTROL NUMBER IDENTIFIER
- control field: AM-YEHGA
005 - DATE AND TIME OF LATEST TRANSACTION
- control field: 20250617070442.0
008 - FIXED-LENGTH DATA ELEMENTS
- fixed length control field: 060614 a|ac|n|aab||||||||||||a |n|||||||
040 ## - CATALOGING SOURCE
- Original cataloging agency: AM-YEHGA
100 1# - HEADING--PERSONAL NAME
- Personal name: Արշալույսյան, Անուշավան Խաչիկի,
- Dates associated with a name: 1938-
400 1# - SEE FROM TRACING--PERSONAL NAME
- Personal name: Արշալույսյան, Անուշավան,
- Dates associated with a name: 1938-
400 1# - SEE FROM TRACING--PERSONAL NAME
- Personal name: Արշալույսյան, Ա.Խ.
- Fuller form of name: (Անուշավան Խաչիկի),
- Dates associated with a name: 1938-
400 1# - SEE FROM TRACING--PERSONAL NAME
- Personal name: Արշալույսյան, Ա.
- Fuller form of name: (Անուշավան),
- Dates associated with a name: 1938-
400 1# - SEE FROM TRACING--PERSONAL NAME
- Personal name: Аршалуйсян, Анушаван Хачикович,
- Dates associated with a name: 1938-
400 1# - SEE FROM TRACING--PERSONAL NAME
- Personal name: Arshaluysyan, Anushavan Khachiki,
- Dates associated with a name: 1938-
670 ## - SOURCE DATA FOUND
- Source citation: Ով ով է. հայեր (կենսագրական հանրագիտարան), 2005 :
- Information found: հ. 1 (Արշալույսյան, Անուշավան Խաչիկի [ծ. 8.11.1938, գ. Կարմրաշեն (ՀՀ Արագածոտնի մ.)], բանաստեղծ); bIն.տ. (Կատ. թարգմ-ներ ֆրանս. և ռուս. պոեզիայից)
670 ## - SOURCE DATA FOUND
- Source citation: Այս օրը իմն է, 1978 :
- Information found: տիտղթ. (Ա. Արշալույսյան)
670 ## - SOURCE DATA FOUND
- Source citation: Հայացք, 1984 :
- Information found: տիտղթ. (Ա.Խ. Արշալույսյան)
ՀՀ Գիտությունների ազգային ակադեմիայի հիմնարար գիտական գրադարան = Fundamental Scientific Library of NAS RA
All site content, except where otherwise noted, is licensed under a